Etika v reklame bakalárska práca

Guardado en:
Detalles Bibliográficos
Autor principal: Zvaríková, Zuzana
Autor Corporativo: Obchodná fakulta EU. Katedra marketingu
Otros Autores: Hovančáková, Dominika, 1985-
Formato: Libro
Lenguaje:eslovaco
Publicado: Bratislava 2012
Etiquetas: Agregar Etiqueta
Sin Etiquetas, Sea el primero en etiquetar este registro!

MARC

LEADER 00000nbm a2200000 4500
001 0154485
005 20161109111847.8
041 0 |a slo 
044 |a SK 
245 1 0 |a Etika v reklame  |b bakalárska práca  |c Zuzana Zvaríková ; školiteľ: Dominika Hovančáková 
264 1 |a Bratislava  |c 2012 
300 |a 58 s. 
100 1 |a Zvaríková, Zuzana 
700 1 |a Hovančáková, Dominika, 1985- 
710 2 |a Obchodná fakulta EU. Katedra marketingu